Dějiny přírodních věd v datech chronologický přehled

Na minha lista:
Detalhes bibliográficos
Formato: Livro
Idioma:tcheco
Publicado em: Praha Mladá fronta 1979
Colecção:Malá encyklopedie sv. 8
Tags: Adicionar Tag
Sem tags, seja o primeiro a adicionar uma tag!

MARC

LEADER 00000nam a2200000 4500
001 c119337
005 20250905121836.0
041 0 |a cze 
044 |a CZ 
245 1 0 |a Dějiny přírodních věd v datech  |b chronologický přehled  |c Jaroslav Folta, Luboš Nový 
264 1 |a Praha  |b Mladá fronta  |c 1979 
300 |a 359 s. 
490 1 |a Malá encyklopedie  |v sv. 8 
830 0 |a Malá encyklopedie  |v sv. 8